Medios prácticos para fomentar la instrucción de las masas populares / por Don Luis Manuel de Ferrer
Descripción Física:
16 p. ; 21 cm
Materias:
Educació -- Espanya -- S. XIX
MARC
| LEADER | 00000nam a2200000Ia 4500 | ||
|---|---|---|---|
| 001 | 19393 | ||
| 008 | 160829s1898 xx 000 0 cat d | ||
| 080 | |a 1950, exp. 4 | ||
| 100 | |a Ferrer, Luis Manuel de |9 48393 | ||
| 245 | |a Medios prácticos para fomentar la instrucción de las masas populares / por Don Luis Manuel de Ferrer | ||
| 260 | |a Leon : |b Imp. de Maximino A. Miñón, |c 1898 | ||
| 300 | |a 16 p. ; |c 21 cm | ||
| 590 | |a A la portada: Memoria premiada con medalla de plata y diploma honorífico en el concurso de 1897, por la Sociedad Barcelonesa de Amigos de la Instrucción. Lema: Ad mejorem populi gloriam | ||
| 650 | |a Educació |x Espanya |x S. XIX |9 48394 | ||
| 901 | |a Arxiu | ||
| 942 | |n 1 | ||
| 952 | |0 0 |1 0 |4 0 |6 1950_EXP_4 |7 1 |9 54512 |a Arxiu |b Arxiu |d 2016-12-01 |l 0 |o 1950, exp. 4 |p 19393 |r 2016-12-01 00:00:00 |w 2016-12-01 |y ARXIU | ||
| 999 | |c 58381 |d 58381 | ||